Statistics for US State Word Scramble- 2 Minute Sprint

Click here to take the quiz!

General Stats

  • This quiz has been taken 28 times
  • The average score is 32 of 40

Answer Stats

Answer% Correct
Arkansas
100%
Florida
100%
Alabama
95%
Iowa
95%
Alaska
90%
Colorado
90%
Georgia
90%
Idaho
90%
Illinois
90%
Montana
90%
Arizona
86%
Connecticut
86%
Hawaii
86%
Indiana
86%
Maine
86%
Tennessee
86%
Delaware
81%
Kansas
81%
Kentucky
81%
Michigan
81%
Missouri
81%
Nebraska
81%
Ohio
81%
California
76%
Louisiana
76%
Maryland
76%
Mississippi
76%
Nevada
76%
Oklahoma
76%
Pennsylvania
76%
Texas
76%
Massachusetts
71%
Minnesota
71%
Oregon
71%
Vermont
71%
Virginia
71%
Utah
67%
Washington
67%
Wyoming
67%
Wisconsin
62%

Score Distribution

Percentile by Number Answered

Percent of People with Each Score

Your Score History

You have not taken this quiz